Detalles MARC
| 000 -LIDER |
| fixed length control field |
01006nam a22003137a 4500 |
| 001 - NÚMERO DE CONTROL |
| Identificador de número de control |
1246 |
| 003 - IDENTIFICACDOR DE NÚMERO DE CONTROL |
| control field |
DO-SdBNP |
| 005 - DATE AND TIME OF LATEST TRANSACTION |
| control field |
20221003132830.0 |
| 007 - CAMPOS FIJOS DE DESCRIPCIÓN FÍSICA |
| fixed length control field |
1246 |
| 008 - ELEMENTOS DE LONGITUD FIJA |
| fixed length control field |
160614b 2005 dr |||00| 0 spa d |
| 020 ## - ISBN |
| International Standard Book Number |
999344510X |
| 040 ## - FUENTE DE CATALOGACIÓN |
| Agencia que crea de manera original el registro |
BPMSU |
| Idioma de catalogación |
spa |
| Agencia que realiza la transcripción |
BPMSU |
| 082 ## - NÚMERO DE CLASIFICACIÓN DECIMAL DE DEWEY |
| Classification number |
972.93 |
| Item number |
D542f 2005 |
| Edition number |
22 |
| 100 ## - ASIENTO PRINCIPAL -- NOMBRE PERSONAL |
| Nombre personal |
Enrique Díaz, Nelson |
| 245 ## - MENCIÓN DE TITULO |
| Título |
Fundamentos de historia social dominicana / |
| Mención de responsabilidad |
Nelson Enrique Díaz, Slverio González Camacho |
| 250 ## - MENCIÓN DE EDICION |
| Mención de edición |
3a. ed. |
| 260 ## - PUBLICACIÓN, DISTRIBUCIÓN, ETC. (PIE DE IMPRENTA) |
| Lugar de publicación, distribución, etc |
Santo Domingo : |
| Nombre del editor, distribuidor, etc. |
Surco, |
| Fecha de publicación, distribución, etc |
2005 |
| 300 ## - DESCRIPCIÓN FÍSICA |
| Extensión |
428 p. ; |
| Otros detalles físicos |
24 cm. |
| 500 ## - NOTA GENERAL |
| Nota general |
Incluye datos biográficos del autor en la solapa de la cubierta |
| 504 ## - NOTA DE BIBLIOGRAFÍA, ETC. |
| Bibliography, etc |
Bibliografía : p. 423-428 |
| 590 ## - NOTA LOCAL |
| Enlace |
Inventariado, 2022/VM |
| 650 #4 - ENCABEZAMIENTO DE MATERIA--TEMÁTICO |
| Término temático o nombre geográfico como elemento de entrada |
Historia social |
| Subdivisión geográfica |
Republica Dominicana |
| 650 #4 - ENCABEZAMIENTO DE MATERIA--TEMÁTICO |
| Término temático o nombre geográfico como elemento de entrada |
Evolución social |
| Subdivisión geográfica |
República Dominicana |
| 650 #4 - ENCABEZAMIENTO DE MATERIA--TEMÁTICO |
| Término temático o nombre geográfico como elemento de entrada |
Problemas sociales |
| 651 #4 - ENCABEZAMIENTO DE MATERIA--NOMBRE GEOGRÁFICO |
| Nombre geográfico |
República Dominicana |
| Subdivisión temática general |
Historia |
| 700 1# - ASIENTO SECUNDARIO -- NOMBRE PERSONAL |
| Nombre personal |
González Camacho, Silverio |
| 910 ## - VALIDACIÓN |
| Validación |
VMateo V./Validado |
| 942 ## - ADDED ENTRY ELEMENTS (KOHA) |
| Source of classification or shelving scheme |
Dewey Decimal Classification |
| Koha item type |
Libros |